<?xml version="1.0" encoding="UTF-8"?>
<record
    xmlns:xsi="http://www.w3.org/2001/XMLSchema-instance"
    xsi:schemaLocation="http://www.loc.gov/MARC21/slim http://www.loc.gov/standards/marcxml/schema/MARC21slim.xsd"
    xmlns="http://www.loc.gov/MARC21/slim">

  <leader>01236nam a2200193 a 4500</leader>
  <controlfield tag="008">161226t2011    ag  |||g |||| 000 0 spa d</controlfield>
  <datafield tag="020" ind1=" " ind2=" ">
    <subfield code="a">9789876042468</subfield>
  </datafield>
  <datafield tag="092" ind1=" " ind2=" ">
    <subfield code="c">808.88</subfield>
    <subfield code="l">26</subfield>
    <subfield code="s">FON</subfield>
  </datafield>
  <datafield tag="100" ind1="1" ind2=" ">
    <subfield code="a">Fonseca, Ricardo</subfield>
    <subfield code="9">3289</subfield>
  </datafield>
  <datafield tag="245" ind1=" " ind2=" ">
    <subfield code="a">Quequ&#xE9;n, la culebra dinosaurica y otros relatos patag&#xF3;nicos /</subfield>
    <subfield code="c">Ricardo Fonseca</subfield>
  </datafield>
  <datafield tag="250" ind1=" " ind2=" ">
    <subfield code="a">1a ed.</subfield>
  </datafield>
  <datafield tag="260" ind1=" " ind2=" ">
    <subfield code="a">Neuqu&#xE9;n:</subfield>
    <subfield code="b">EDUCO;</subfield>
    <subfield code="c">2011.</subfield>
  </datafield>
  <datafield tag="300" ind1=" " ind2=" ">
    <subfield code="a">154 p.</subfield>
    <subfield code="b">23x16 cm</subfield>
  </datafield>
  <datafield tag="500" ind1=" " ind2=" ">
    <subfield code="a">Fonseca, R. (2011). Quequ&#xE9;n, la culebra dinosaurica y otros relatos patag&#xF3;nicos. (1a ed.).  Neuqu&#xE9;n : EDUCO.</subfield>
  </datafield>
  <datafield tag="505" ind1=" " ind2=" ">
    <subfield code="a">Sin la imaginaci&#xF3;n, la realidad terminar&#xED;a donde empieza. Y el vivir no rebasar&#xED;a lo rutinario de la mera animalidad. La literatura es "sin duda la actividad que m&#xE1;s justifica la materialidad de lo imaginario, en tanto se la lea (o se la escriba) con el deseo de violentar lo oscuro, de poseer un secreto, de transformar lo inerte". (Georges JEan). Amparado en dicha premisa, el autor de estos cuentos, relatos y divertimentos, aspira a que sus posibles lectores/as sientan o compartan el mismo entusiasmo y la misma alegr&#xED;a con que fueron escritos. </subfield>
  </datafield>
  <datafield tag="590" ind1=" " ind2=" ">
    <subfield code="a">Proyecto 4to libro. Donaci&#xF3;n EDUCO, Septiembre 2017.</subfield>
  </datafield>
  <datafield tag="655" ind1=" " ind2=" ">
    <subfield code="a">Cuentos y Relatos</subfield>
    <subfield code="9">3290</subfield>
  </datafield>
  <datafield tag="942" ind1=" " ind2=" ">
    <subfield code="2">ddc</subfield>
    <subfield code="c">LIT</subfield>
  </datafield>
  <datafield tag="999" ind1=" " ind2=" ">
    <subfield code="c">2458</subfield>
    <subfield code="d">2458</subfield>
  </datafield>
  <datafield tag="952" ind1=" " ind2=" ">
    <subfield code="0">0</subfield>
    <subfield code="1">0</subfield>
    <subfield code="2">ddc</subfield>
    <subfield code="4">0</subfield>
    <subfield code="7">0</subfield>
    <subfield code="a">BFM</subfield>
    <subfield code="b">BFM</subfield>
    <subfield code="c">CR</subfield>
    <subfield code="d">2017-09-19</subfield>
    <subfield code="e">Proyecto 4to libro. Donaci&#xF3;n EDUCO, Septiembre 2017.</subfield>
    <subfield code="l">2</subfield>
    <subfield code="m">3</subfield>
    <subfield code="o">808.8 26 FON</subfield>
    <subfield code="p">3918</subfield>
    <subfield code="r">2019-04-24</subfield>
    <subfield code="s">2019-03-19</subfield>
    <subfield code="t">Ej. 1</subfield>
    <subfield code="w">2017-09-19</subfield>
    <subfield code="y">LIT</subfield>
    <subfield code="z">Proyecto 4to libro. Donaci&#xF3;n EDUCO, Septiembre 2017.</subfield>
  </datafield>
</record>
